Visualizzazione normale
Vista MARC
- Sterbini Cesare
di Personal Name
Records bibliografici associati: 1
001 - CONTROL NUMBER
- control field: 5982
003 - CONTROL NUMBER IDENTIFIER
- control field: IT-RoPau
005 - DATE AND TIME OF LATEST TRANSACTION
- control field: 20131218150119.0
008 - FIXED-LENGTH DATA ELEMENTS
- fixed length control field: 131218|| aca||aabn | a|a d
040 ## - CATALOGING SOURCE
- Original cataloging agency: IT-RoPau
- Transcribing agency: IT-RoPau
100 ## - HEADING--PERSONAL NAME
- Personal name: Sterbini Cesare
- Dates associated with a name: Codice autore testo SPICS: 23065
- Relator term: Autore testo
- Name of part/section of a work: Il barbiere di Siviglia: largo al factotum
670 ## - SOURCE DATA FOUND
- Source citation: Work cat.: (IT-RoPau)103300: AA.VV. 794, Orchestra Sings (The)-Famous melodies From the Opera-Lp 8440